<?xml version="1.0" encoding="UTF-8"?>
<marc:record xmlns:marc="http://www.loc.gov/MARC21/slim">
   <marc:leader>00000nam a2200000 a 4500</marc:leader>
   <marc:datafield ind1="1" ind2=" " tag="100">
      <marc:subfield code="a">John, Jory</marc:subfield>
      <marc:subfield code="4">aut</marc:subfield>
      <marc:subfield code="e">Verfasser/-in</marc:subfield>
   </marc:datafield>
   <marc:datafield ind1="0" ind2="0" tag="245">
      <marc:subfield code="a">Der kluge Keks</marc:subfield>
   </marc:datafield>
   <marc:datafield ind1="0" ind2="0" tag="245">
      <marc:subfield code="c">John, Jory</marc:subfield>
   </marc:datafield>
   <marc:datafield ind1=" " ind2="1" tag="264">
      <marc:subfield code="a">Berlin</marc:subfield>
      <marc:subfield code="b">Adrian &amp; Wimmelbuchverlag</marc:subfield>
      <marc:subfield code="c">2023</marc:subfield>
   </marc:datafield>
   <marc:datafield ind1="1" ind2=" " tag="520">
      <marc:subfield code="a">Der kluge Keks hat sich nicht schon immer wie ein kluger Keks gefühlt, egal wie sehr er es versucht. Vor allem im Vergleich zu all den cleveren Cupcakes und brillanten Brötchen in der Bäckerei fühlte er sich alles andere als klug. Er hatte keine guten Noten, wusste keine schnellen Antworten und bei Klassenarbeiten war er immer langsamer als alle anderen. Doch dann bekam er angeregt durch seine Lehrerin die Möglichkeit, seine Kreativität auszuleben und zu entdecken, was ihm wirklich Spaß macht. Seitdem ist der kluge Keks mutiger und selbstbewusster und probiert sehr gerne Dinge aus, die er im Moment noch nicht so gut kann. Er weiß nun, dass perfekte Noten und schnelle Antworten nicht die einzigen Zutaten für Intelligenz sind.</marc:subfield>
   </marc:datafield>
   <marc:datafield ind1=" " ind2=" " tag="020">
      <marc:subfield code="a">9783985851225</marc:subfield>
      <marc:subfield code="9">9783985851225</marc:subfield>
   </marc:datafield>
   <marc:datafield ind1=" " ind2=" " tag="041">
      <marc:subfield code="a">ger</marc:subfield>
   </marc:datafield>
   <marc:datafield ind1=" " ind2=" " tag="300">
      <marc:subfield code="a">32 ungezählte Seiten</marc:subfield>
   </marc:datafield>
</marc:record>
